Vista normal Vista MARC

Entrada Nombre personal

Número de registros utilizados en: 3

001 - NÚMERO DE CONTROL

  • campo de control: 91799

003 - IDENTIFICADOR DE NÚMERO DE CONTROL

  • campo de control: OSt

005 - FECHA Y HORA DE LA ÚLTIMA TRANSACCIÓN

  • campo de control: 20240205170211.0

008 - ELEMENTOS DE DATO DE LONGITUD-FIJA

  • campo de control de longitud fija: 970514 n acnnnaaan n ann d

040 ## - FUENTE DE CATALOGACIÓN

  • Centro catalogador/agencia de origen: OSt
  • Centro/agencia transcriptor: OSt

100 1# - ENCABEZAMIENTO-NOMBRE DE PERSONA

  • Nombre de persona: Picasso, Pablo,
  • Fechas asociadas al nombre: 1881-1973.
  • Título de la obra: Guernica